Download Festival Headliners - Statistics

General Stats
  • This quiz has been taken 220 times
  • The average score is 32 of 44
Answer Stats
Year Headlining Act % Correct
2004 Metallica
96%
2006 Metallica
96%
2012 Metallica
96%
2009 Slipknot
94%
2013 Slipknot
94%
2015 Slipknot
94%
2003 Iron Maiden
93%
2007 Iron Maiden
93%
2013 Iron Maiden
93%
2016 Iron Maiden
93%
2005 Black Sabbath
84%
2012 Black Sabbath
84%
2016 Black Sabbath
84%
2010* AC/DC
80%
2006 Guns 'N' Roses
76%
2004 Linkin Park
74%
2007 Linkin Park
74%
2011 Linkin Park
74%
2014 Linkin Park
74%
2010 Aerosmith
73%
2014 Aerosmith
73%
2017 Aerosmith
73%
2005 System of a Down
73%
2011 System of a Down
73%
2017 System of a Down
73%
2014 Avenged Sevenfold
72%
2013 Rammstein
72%
2016 Rammstein
72%
2008 KISS
65%
2015 KISS
65%
2010 Them Crooked Vultures
65%
2017 Biffy Clyro
63%
2015 Muse
62%
2010 Rage Against the Machine
62%
2006 Tool
62%
2009 Def Leppard
58%
2011 Def Leppard
58%
2012 The Prodigy
57%
2007 My Chemical Romance
56%
2008 Lostprophets
43%
2005 Feeder
42%
2003 Audioslave
41%
2008 The Offspring
37%
2009 Faith No More
33%
No matching quizzes found
Score Distribution
Percent of People with Each Score
Percentile by Number Answered
Your Score History
You have not taken this quiz